000 00551nam a2200169 i 4500
001 92895
003 ES-MaACL
005 20250902103606.0
007 t|
008 050330s1935 sp ||||1| spa d
245 0 0 _aLista de socios
_b: estatutos, publicaciones y revistas, lista de suscripciones a Matemáticas Elemental /
_cSociedad matemática española.
260 _aToledo :
_bA. Medina,
_c1935.
300 _a28 p. ;
_c24 cm.
710 2 _aReal Sociedad Matemática Española
_96404
852 _aES-MaACL
_j1817-F-5
999 _c92895
_d92895